Statistiques concernant Länder allemands

Cliquez ici pour prendre le quiz!

Statistiques générales

  • Ce quiz a été pris 371 fois
  • Le résultat moyen est 10 sur 16

Réponses sur la Carte

Les réponses sont colorées sur une échelle allant du rouge au vert en fonction du pourcentage des utilisateurs qui les ont devinées à leur premier essai. Vous pouvez retrouver ces pourcentages ci-dessous.
 

Statistiques - réponses

Population (millions)Land% Correct
12 520Bavière
97%
3 375Berlin
95%
1 734Hambourg
88%
4 050Saxe
79%
655Brême
70%
994Sarre
64%
2 450Brandebourg
62%
7 779Basse-Saxe
58%
10 569Bade-Wurtemberg
55%
2 170Thuringe
52%
6 016Hesse
51%
17 554Rhénanie-du-Nord-Westphalie
49%
3 990Rhénanie-Palatinat
46%
2 259Saxe-Anhalt
46%
2 807Schleswig-Holstein
43%
1 600Mecklembourg-Poméranie-Occidentale
24%

Distribution des résultats

Percentile par nombre de réponses

% des personnes avec chaque résultat

Votre développement - résultats

Vous n’avez pas pris ce quiz